书目信息 |
| 题名: |
冷战后社会党研究
|
|
| 作者: | 向文华 主编 | |
| 分册: | ||
| 出版信息: | 北京 中央编译出版社 2006 |
|
| 页数: | 23,241页 | |
| 开本: | 21cm | |
| 丛书名: | 中央编译文库 | |
| 单 册: | ||
| 中图分类: | D564 | |
| 科图分类: | ||
| 主题词: | ||
| 电子资源: | ||
| ISBN: | 7-80211-227-3 | |
| 000 | 00891oam2 2200265 450 | |
| 001 | 1249282248 | |
| 005 | 20121005134206.25 | |
| 010 | @a7-80211-227-3@dCNY30.00 | |
| 100 | @a20060104d2006 em y0chiy50 ea | |
| 101 | 0 | @achi |
| 102 | @aCN@b110000 | |
| 105 | @ay z 000yy | |
| 200 | 1 | @a冷战后社会党研究@Aleng zhan hou she hui dang yan jiu@f向文华主编 |
| 210 | @a北京@c中央编译出版社@d2006 | |
| 215 | @a23,241页@d21cm | |
| 225 | 2 | @a中央编译文库@i论著系列 |
| 330 | @a本书收录了《冷战后欧盟诸国社会民主党在政坛上的沉浮论析》、《1994年以来瑞典社会党理论与政策调整》、《试析马来西亚民主行动党的民主社会主义及其制约因素》等文章。 | |
| 461 | 0 | @12001 @a中央编译文库 |
| 462 | 0 | @12001 @a论著系列 |
| 601 | 0 | @a社会党国际@x研究 |
| 601 | 0 | @a社会党国际 |
| 690 | @aD564@v4 | |
| 701 | 0 | @a向文华@Axiang wen hua@f(1966~)@4主编 |
| 801 | 0 | @aCN@bNLC@c20101222 |
| 905 | @a10447@dD564@eJY11 | |
| 冷战后社会党研究/向文华主编.-北京:中央编译出版社,2006 |
| 23,241页;21cm.-(中央编译文库.论著系列) |
| ISBN 7-80211-227-3:CNY30.00 |
| 本书收录了《冷战后欧盟诸国社会民主党在政坛上的沉浮论析》、《1994年以来瑞典社会党理论与政策调整》、《试析马来西亚民主行动党的民主社会主义及其制约因素》等文章。 |
| ● |
| 相关链接 |
|
|
|
|
正题名:冷战后社会党研究
索取号:D564/JY11
 
预约/预借
| 序号 | 登录号 | 条形码 | 馆藏地/架位号 | 状态 | 备注 |
| 1 | 7811772 | 278117725 | 学院路分馆/ [索取号:D564/JY11] | 在馆 | |
| 2 | 7811773 | 278117734 | 学院路分馆/ [索取号:D564/JY11] | 在馆 |